Grad's guide to graduate admissions essays : (Record no. 590332)

000 -LEADER
fixed length control field 01324cam a2200349 i 4500
001 - CONTROL NUMBER
control field 18543166
003 - CONTROL NUMBER IDENTIFIER
control field NUST
005 - DATE AND TIME OF LATEST TRANSACTION
control field 20220825112021.0
008 - FIXED-LENGTH DATA ELEMENTS--GENERAL INFORMATION
fixed length control field 150326s2015 txu 000 0 eng
010 ## - LIBRARY OF CONGRESS CONTROL NUMBER
LC control number 2015001961
020 ## - INTERNATIONAL STANDARD BOOK NUMBER
International Standard Book Number 9781618213938 (pbk.)
038 ## - RECORD CONTENT LICENSOR
Staff Name Azhar
040 ## - CATALOGING SOURCE
Original cataloging agency DLC
Language of cataloging eng
Transcribing agency DLC
Description conventions rda
Modifying agency DLC
042 ## - AUTHENTICATION CODE
Authentication code pcc
050 00 - LIBRARY OF CONGRESS CALL NUMBER
Classification number LB2351.52.U6
Item number R44 2015
082 00 - DEWEY DECIMAL CLASSIFICATION NUMBER
Classification number 378.16160973
Edition number 23
Author Mark RED
100 1# - MAIN ENTRY--PERSONAL NAME
Personal name Reding, Colleen,
Dates associated with a name 1987-
9 (RLIN) 93658
245 10 - TITLE STATEMENT
Title Grad's guide to graduate admissions essays :
Remainder of title more than 50 real-life admissions essays from students who gained admission to Harvard, Columbia, Stanford, Georgetown, and more
Statement of responsibility, etc. Colleen Reding.
260 ## - PUBLICATION, DISTRIBUTION, ETC.
Place of publication, distribution, etc. Waco, Tex. :
Name of publisher, distributor, etc. Prufrock Press Inc.,
Date of publication, distribution, etc. 2015
300 ## - PHYSICAL DESCRIPTION
Extent xiii, 239 pages ;
Dimensions 24 cm
336 ## - CONTENT TYPE
Content type term text
Content type code txt
Source rdacontent
337 ## - MEDIA TYPE
Media type term unmediated
Media type code n
Source rdamedia
338 ## - CARRIER TYPE
Carrier type term volume
Carrier type code nc
Source rdacarrier
563 ## - BINDING INFORMATION
Binding note PB
650 #0 - SUBJECT ADDED ENTRY--TOPICAL TERM
Topical term or geographic name entry element College applications
Geographic subdivision United States.
9 (RLIN) 93659
650 #0 - SUBJECT ADDED ENTRY--TOPICAL TERM
Topical term or geographic name entry element Universities and colleges
Geographic subdivision United States
General subdivision Graduate work
-- Admission.
9 (RLIN) 51351
650 #0 - SUBJECT ADDED ENTRY--TOPICAL TERM
Topical term or geographic name entry element Exposition (Rhetoric)
9 (RLIN) 93660
650 #0 - SUBJECT ADDED ENTRY--TOPICAL TERM
Topical term or geographic name entry element Essay
General subdivision Authorship.
9 (RLIN) 93661
906 ## - LOCAL DATA ELEMENT F, LDF (RLIN)
a 7
b cbc
c orignew
d 1
e ecip
f 20
g y-gencatlg
942 ## - ADDED ENTRY ELEMENTS (KOHA)
Source of classification or shelving scheme
Koha item type Lincoln Corner
Holdings
Withdrawn status Lost status Source of classification or shelving scheme Damaged status Not for loan Permanent Location Current Location Shelving location Date acquired Full call number Barcode Date last seen Price effective from Koha item type
          Central Library (CL) Central Library (CL) Lincoln Corner 07/19/2022 378.16160973 RED LC-127 07/19/2022 07/19/2022 Reference
© 2023 Central Library, National University of Sciences and Technology. All Rights Reserved.